<?xml version="1.0" encoding="UTF-8"?>
<record
    xmlns:xsi="http://www.w3.org/2001/XMLSchema-instance"
    xsi:schemaLocation="http://www.loc.gov/MARC21/slim http://www.loc.gov/standards/marcxml/schema/MARC21slim.xsd"
    xmlns="http://www.loc.gov/MARC21/slim">

  <leader>01287nam a22002657a 4500</leader>
  <datafield tag="952" ind1=" " ind2=" ">
    <subfield code="0">0</subfield>
    <subfield code="1">0</subfield>
    <subfield code="4">0</subfield>
    <subfield code="7">0</subfield>
    <subfield code="a">03</subfield>
    <subfield code="b">03</subfield>
    <subfield code="d">2014-10-01</subfield>
    <subfield code="l">0</subfield>
    <subfield code="o">BF76.7 C385 2010</subfield>
    <subfield code="p">03 007236</subfield>
    <subfield code="r">2014-10-01</subfield>
    <subfield code="t">1</subfield>
    <subfield code="w">2014-10-01</subfield>
    <subfield code="y">LB</subfield>
  </datafield>
  <datafield tag="952" ind1=" " ind2=" ">
    <subfield code="0">0</subfield>
    <subfield code="1">0</subfield>
    <subfield code="4">0</subfield>
    <subfield code="7">0</subfield>
    <subfield code="a">03</subfield>
    <subfield code="b">03</subfield>
    <subfield code="d">2014-10-04</subfield>
    <subfield code="l">1</subfield>
    <subfield code="o">BF76.7 C385 2010</subfield>
    <subfield code="p">03 007319</subfield>
    <subfield code="r">2015-10-14</subfield>
    <subfield code="s">2015-10-14</subfield>
    <subfield code="t">2</subfield>
    <subfield code="w">2014-10-04</subfield>
    <subfield code="y">LB</subfield>
  </datafield>
  <datafield tag="952" ind1=" " ind2=" ">
    <subfield code="0">0</subfield>
    <subfield code="1">0</subfield>
    <subfield code="2">lcc</subfield>
    <subfield code="4">0</subfield>
    <subfield code="7">0</subfield>
    <subfield code="a">03</subfield>
    <subfield code="b">03</subfield>
    <subfield code="d">2016-02-29</subfield>
    <subfield code="l">0</subfield>
    <subfield code="o">BF76.7 C385 2010</subfield>
    <subfield code="p">03 008934</subfield>
    <subfield code="r">2016-02-29</subfield>
    <subfield code="t">3</subfield>
    <subfield code="w">2016-02-29</subfield>
    <subfield code="y">LB</subfield>
  </datafield>
  <datafield tag="999" ind1=" " ind2=" ">
    <subfield code="c">94379</subfield>
    <subfield code="d">94379</subfield>
  </datafield>
  <controlfield tag="008">140328s2010    ag a|||| |||| 00| 0 spa d</controlfield>
  <datafield tag="020" ind1=" " ind2=" ">
    <subfield code="a">9789501260892</subfield>
  </datafield>
  <datafield tag="050" ind1=" " ind2=" ">
    <subfield code="a">BF76.7 </subfield>
    <subfield code="b">C385 2010</subfield>
  </datafield>
  <datafield tag="100" ind1=" " ind2=" ">
    <subfield code="a">Cayssials, Alicia Noelia </subfield>
    <subfield code="e">autora</subfield>
  </datafield>
  <datafield tag="245" ind1=" " ind2=" ">
    <subfield code="a">&#xBF; Cuali y/o Cuanti ?</subfield>
    <subfield code="b"> : Aportes para elaborar informes integrativos en psicolog&#xED;a </subfield>
    <subfield code="c"> / Alicia N. Cayssials</subfield>
  </datafield>
  <datafield tag="260" ind1=" " ind2=" ">
    <subfield code="a">Argentina</subfield>
    <subfield code="b"> : Paid&#xF3;s</subfield>
    <subfield code="c">, 2010</subfield>
  </datafield>
  <datafield tag="300" ind1=" " ind2=" ">
    <subfield code="a">243 p&#xE1;ginas</subfield>
    <subfield code="b"> : ilustraciones</subfield>
  </datafield>
  <datafield tag="336" ind1=" " ind2=" ">
    <subfield code="a">texto</subfield>
  </datafield>
  <datafield tag="337" ind1=" " ind2=" ">
    <subfield code="a">sin medio</subfield>
  </datafield>
  <datafield tag="338" ind1=" " ind2=" ">
    <subfield code="a">volumen</subfield>
  </datafield>
  <datafield tag="504" ind1=" " ind2=" ">
    <subfield code="a">Incluye: bibliograf&#xED;a (pp.241-243)</subfield>
  </datafield>
  <datafield tag="505" ind1=" " ind2=" ">
    <subfield code="a">Fundamentos te&#xF3;ricos de las t&#xE9;cnicas y legitimidad de su integraci&#xF3;n
Aplicaci&#xF3;n de las t&#xE9;cnicas
Aportes para la evaluaci&#xF3;n
Integraci&#xF3;n y confecci&#xF3;n de informes </subfield>
  </datafield>
  <datafield tag="519" ind1=" " ind2=" ">
    <subfield code="a">Educaci&#xF3;n Mixta /
</subfield>
    <subfield code="b">Psicolog&#xED;a / </subfield>
    <subfield code="c">An&#xE1;lisis e Interpretaci&#xF3;n de Datos psicol&#xF3;gicos (P23-2) /</subfield>
    <subfield code="d">(03 007236)</subfield>
  </datafield>
  <datafield tag="519" ind1=" " ind2=" ">
    <subfield code="a">Educaci&#xF3;n Mixta /
</subfield>
    <subfield code="b">Psicolog&#xED;a / </subfield>
    <subfield code="c">An&#xE1;lisis Experimental de la conducta (P17-2) /</subfield>
    <subfield code="d">(03 007319)</subfield>
  </datafield>
  <datafield tag="519" ind1=" " ind2=" ">
    <subfield code="a">Educaci&#xF3;n Mixta /
</subfield>
    <subfield code="b">Psicolog&#xED;a /

</subfield>
    <subfield code="c">Psicometr&#xED;a II  (P07-2) /</subfield>
    <subfield code="d">(03 008934)

</subfield>
  </datafield>
  <datafield tag="650" ind1="1" ind2="0">
    <subfield code="a">COMUNICACI&#xD3;N EN LA PSICOLOG&#xCD;A</subfield>
  </datafield>
  <datafield tag="650" ind1="2" ind2="0">
    <subfield code="a">REDACCI&#xD3;N DE INFORMES</subfield>
  </datafield>
  <datafield tag="942" ind1=" " ind2=" ">
    <subfield code="c">LB</subfield>
  </datafield>
</record>
